Women in contemporary Muslim societies /

Bibliographic Details
Corporate Author: Harvard University. Center for the Study of World Religions
Other Authors: Smith, Jane I.
Format: Book
Language:English
Published: Lewisburg [Pa.] : London : Bucknell University Press ; Associated University Presses, [1980]
Subjects:

MARC

Tag First Indicator Second Indicator Subfields
LEADER 00000pam a2200000 a 4500
001 in00000074090
005 20151008060155.0
008 790723s1980 pau b 10000 engm
010 |a  78060377  
020 |a 0838722636 
035 |a (OCoLC)05265191 
035 |9 AAJ5252AM 
040 |a DLC  |c DLC  |d m.c.  |d TXA  |d UtOrBLW 
043 |a aw----- 
049 |a TXAM  |c [951889] 
050 0 0 |a HQ1170  |b .W57 
082 0 |a 301.41/2/0956  |2 19 
245 0 0 |a Women in contemporary Muslim societies /  |c edited with an introduction by Jane I. Smith. 
264 1 |a Lewisburg [Pa.] :  |b Bucknell University Press ;  |a London :  |b Associated University Presses,  |c [1980] 
264 4 |c ©1980 
300 |a 259 pages ;  |c 22 cm. 
336 |a text  |b txt  |2 rdacontent 
337 |a unmediated  |b n  |2 rdamedia 
338 |a volume  |b nc  |2 rdacarrier 
500 |a Papers presented at a workshop held at the Center for the Study of World Religions, Harvard University, April 19, 1975. 
504 |a Bibliography: pages 253-259. 
650 0 |a Muslim women  |x Congresses. 
650 0 |a Women  |z Middle East  |x Congresses. 
651 0 |a Middle East  |x Social conditions  |x Congresses. 
700 1 |a Smith, Jane I. 
710 2 |a Harvard University.  |b Center for the Study of World Religions. 
999 |a MARS 
999 f f |s 9a377ed7-474f-322c-9803-bf7ebacd55ad  |i dcccb10d-b6a0-339d-bff6-d44e97ec2fbb  |t 0 
952 f f |p ric  |a Texas A&M University  |b Rellis Campus  |c Joint Library Facility  |d Remote Storage  |t 0  |e HQ1170 .W57  |h Library of Congress classification  |i unmediated -- volume  |m A14806143201 
998 f f |a HQ1170 .W57  |t 0  |l Remote Storage